Helsingin Lähijunien Asemat - U-Juna - Statistics

Yleistilastot
  • Tätä visaa on pelattu 226 kertaa
  • Keskiarvotulos 9 / 14
Vastaustilastot
Asema % Oikein
Pasila
96%
Helsinki
93%
Leppävaara
85%
Espoo
80%
Kilo
79%
Huopalahti
76%
Kera
70%
Kauniainen
67%
Kauklahti
62%
Tuomarila
55%
Masala
52%
Koivuhovi
46%
Jorvas
36%
Tolsa
31%
Ehtoja vastaavia visoja ei löytynyt
Tulosjakauma
Jokaisen tuloksen saaneiden osuus
Persentiili vastausten määrän mukaan
Tuloshistoriasi
Et ole pelannut tätä visaa